000 00300cam a22001097a 4500
008 180718b1977 xxu||||| |||| 00| 0 eng d
082 _aXA x42 Un3 ho
245 _aThe Housing sitution
_cBy Borough of Newham
260 _aLondon
_bBorough of Newham
_c1977
300 _a23p.
650 _aHousing sitution
999 _c414252
_d414252